| 000 | 01774nam a22002537a 4500 | ||
|---|---|---|---|
| 999 |
_c62116 _d62116 |
||
| 003 | Ge_BSU | ||
| 005 | 20240716132754.0 | ||
| 008 | 240716s2022 ge ||||| |||| 00| 0 geo d | ||
| 020 | _a9789941494703 | ||
| 041 | _ageo | ||
| 080 | _a94(44)"1799-1814":355.093.3(44) მ-74 | ||
| 100 |
_aმიქაბერიძე, ალექსანდრე. _eავტორი. _922832 |
||
| 245 |
_aნაპოლეონის მარშლები / _c ალექსანდრე მიქაბერიძე, ნიკა ხოფერია, ლევან მიქაბერიძე ; რედაქტორი ნინო დეკანოიძე ; გარეკანის დიზაინერი ილია ხელაია. |
||
| 264 |
_aთბილისი : _bარტანუჯი, _c2022. |
||
| 300 |
_a680 გვ. : _b ილ. ; _c22,5 სმ. |
||
| 500 | _aეძღვნება დიმიტრი ცისკარიშვილსა და გოგი დემეტრაძეს. წიგნი გამოიცა კავკასიის უნივერსიტეტის დახმარებით. | ||
| 504 | _aბიბლიოგრაფია: გვ. 676-678. | ||
| 653 | _aსაფრანგეთის ისტორია | ||
| 653 | _aნაპოლეონ I, საფრანგეთის იმპერატორი, 1769-1821. საფრანგეთის მარშლები. | ||
| 700 |
_a ხოფერია, ნიკა _922833 |
||
| 700 |
_a მიქაბერიძე, ლევან _922834 |
||
| 700 |
_aდეკანოიძე, ნინო _eრედაქტორი და სხვ. _95297 |
||
| 942 |
_2udc _cBK |
||